Management of Innovation of the Economic Potential of the Rural Enterprises

Analýza a riadenie inovácie ekonomického potenciálu vidieckych podnikov ako limitujúci faktor stability a rozvoja podnikov. Metóda určovania inovatívneho ekonomického potenciálu vidieckych sídiel definovaná ako existenčná a rozvojová základňa pre rôzne podniky. Problematika kvantifikácie ekonomickéh...

Ausführliche Beschreibung

Gespeichert in:
Bibliographische Detailangaben
1. Verfasser: Pártlová, Petra
Weitere Verfasser: Straková, Jarmila, Váchal, Jan, Pollák, František, 1985-, Dobrovič, Ján
Format: Buchkapitel
Sprache:Englisch
Schlagworte:
Tags: Tag hinzufügen
Keine Tags, Fügen Sie das erste Tag hinzu!

MARC

LEADER 00000naa a2200000 4500
001 0271051
005 20240625135042.2
041 0 |a eng 
044 |a UA 
245 1 0 |a Management of Innovation of the Economic Potential of the Rural Enterprises  |c Petra Pártlová, Jarmila Straková, Jan Váchal, František Pollák, Ján Dobrovič 
520 |a Analýza a riadenie inovácie ekonomického potenciálu vidieckych podnikov ako limitujúci faktor stability a rozvoja podnikov. Metóda určovania inovatívneho ekonomického potenciálu vidieckych sídiel definovaná ako existenčná a rozvojová základňa pre rôzne podniky. Problematika kvantifikácie ekonomického potenciálu klastrov. 
610 2 0 |a obce 
610 2 0 |a vidiek 
610 2 0 |a klaster 
610 2 0 |a regresia 
610 2 0 |a modely 
610 2 0 |a podnik 
610 2 0 |a inovácia 
100 1 |a Pártlová, Petra 
700 1 |a Straková, Jarmila 
700 1 |a Váchal, Jan 
700 1 |a Pollák, František, 1985- 
700 1 |a Dobrovič, Ján